00377pab a2200133 454500008004000000100001600040245004900056260000900105300001400114362001200128650004300140650002100183773003900204180718b2004 xxu||||| |||| 00| 0 eng d aGupta, R.K. aData on lockouts in West Bengal: a rejoinder c2004 ap.147-49. aJan-Mar aLabour relations - India - West Bengal aLabour relations aIndian Journal of Labour Economics